00405nam a2200169Ia 4500003000500000008004100005020001800046040001900064082000700083100002100090245004000111250000600151260004800157300001000205365000800215546001200223STCL221019s9999 xx 000 0 und d a9781316614860 aSTCLcSTCLbEN 222 aManning, Aubrey 3aAn Introduction to Animal Behaviour a6 bCambridge University PressaNew Delhic2021 a458 p b995 aEnglish